[Event "FRA Top 16 Higher Pool U16"]
[Site "France"]
[Date "2022.06.05"]
[Round "3.6"]
[White "Motoyama, Wesley Winsen"]
[Black "Ramazanov, Deniz"]
[Result "0-1"]
[WhiteElo "1817"]
[BlackElo "1654"]
[PlyCount "70"]
[EventDate "2022.06.04"]
[EventType "tourn"]
[EventRounds "4"]
[EventCountry "FRA"]
[SourceTitle "EXT 2023"]
[Source "ChessBase"]
[SourceDate "2022.10.05"]
[SourceVersion "1"]
[SourceVersionDate "2022.10.05"]
[SourceQuality "1"]

1. d4 Nf6 2. Nc3 g6 3. e4 d6 4. Bg5 Bg7 5. e5 dxe5 6. dxe5 Qxd1+ 7. Rxd1 Ng8 8. f4 c6 9. Nf3 Nd7 10. Bc4 Nb6 11. Bb3 Nh6 12. a4 a5 13. 0-0 Nf5 14. Rfe1 h6 15. Bh4 Nxh4 16. Nxh4 e6 17. Ne4 Ke7 18. Nf3 Bd7 19. Nd6 Rab8 20. Re4 Rhd8 21. Nd2 Nd5 22. c4 Nb4 23. Re3 c5 24. N2e4 b6 25. Kf2 Bc6 26. Rde1 g5 27. g3 Bxe4 28. Nxe4 Nd3+ 29. Ke2 Nxe1 30. Kxe1 Rd4 31. Ke2 gxf4 32. Kf2 h5 33. gxf4 Bh6 34. Kf3 Rg8 35. h3 Rd3 0-1

[Event "FRA Top 16 Higher Pool U16"]
[Site "France"]
[Date "2022.06.05"]
[Round "2.6"]
[White "Sabapathee, Florian"]
[Black "Motoyama, Wesley Winsen"]
[Result "1/2-1/2"]
[WhiteElo "1669"]
[BlackElo "1817"]
[PlyCount "110"]
[EventDate "2022.06.04"]
[EventType "tourn"]
[EventRounds "4"]
[EventCountry "FRA"]
[SourceTitle "EXT 2023"]
[Source "ChessBase"]
[SourceDate "2022.10.05"]
[SourceVersion "1"]
[SourceVersionDate "2022.10.05"]
[SourceQuality "1"]

1. c4 e5 2. e3 Nc6 3. Nc3 f5 4. d3 Nf6 5. g3 Bb4 6. Nge2 0-0 7. Bg2 d6 8. 0-0 Bxc3 9. Nxc3 Re8 10. Rb1 a5 11. a3 e4 12. dxe4 fxe4 13. Nd5 Bf5 14. b4 Kh8 15. Bb2 Ne5 16. Bxe5 Rxe5 17. Nxf6 Qxf6 18. Qd4 b6 19. Rfd1 Qf7 20. Rbc1 Rf8 21. c5 bxc5 22. bxc5 Rxc5 23. Rxc5 dxc5 24. Qxc5 a4 25. Qb4 Qf6 26. Qd4 Qc6 27. Bf1 h6 28. Qc4 Qxc4 29. Bxc4 Rb8 30. Kf1 Bg4 31. Rc1 Rb2 32. Bd5 Bf3 33. Ke1 Re2+ 34. Kf1 Rd2 35. Bc6 Ra2 36. Bxa4 Rxa3 37. Bd1 Bxd1 38. Rxd1 Rd3 39. Rc1 Rd7 40. Rc4 Re7 41. h4 Kg8 42. h5 Kf7 43. Rc6 Ke8 44. Ke2 Kd7 45. Rc4 Kd6 46. f3 exf3+ 47. Kxf3 c5 48. e4 Rb7 49. e5+ Kd5 50. Rc1 Re7 51. Kf4 Rf7+ 52. Kg4 Rc7 53. Kf5 Rf7+ 54. Kg4 Re7 55. Kf4 Rf7+ 1/2-1/2